| 000 | 01725cad a22002535a 4500 | ||
|---|---|---|---|
| 001 | L156752 | ||
| 008 | 120710s20120705xxk f 000 0 eng d | ||
| 020 | _a9781409834731 | ||
| 035 | _a(Sirsi) u156752 | ||
| 041 | 0 | _aeng | |
| 050 | 0 | 4 | _a306.1 $2 18 |
| 110 | 2 |
_aUnited Kingdom _bDepartment for Communities and Local Government _94939 |
|
| 245 | 0 | 0 |
_aEnglish Housing Survey _bHouseholds 2010-2011 _h[electronic resource] |
| 260 |
_aLondon _bDCLG _c2012 |
||
| 505 | 2 | _aTenure trends and demographic analysis -- Housing needs -- Housing aspirations -- Housing moves -- Vulnerable and disadvantaged groups | |
| 520 | _aOutlines the results of the English Housing Survey of households in England for 2010-2011. Highlights characteristics of households by tenure including age, economic status, ethnicity and nationality. Types of tenure include owner occupier, social and private rented sectors. Other themes include household income and housing costs, housing needs, housing aspirations, household moves including reasons for moving, problems facing vulnerable and disadvantaged groups, satisfaction levels with accommodation and locality. Data and Annexe Tables for each chapter are available. (For EHS Homes 2010 see L156755). English Housing Survey (EHS) started in April 2008, an amalgamation of the English House Condition Survey and Survey of English Housing. | ||
| 590 | _aKA NTK | ||
| 650 | 2 | 4 | _aENGLISH HOUSE CONDITION SURVEY |
| 650 | 2 | 4 | _aSURVEY OF ENGLISH HOUSING |
| 651 | 4 |
_aEngland _y886- |
|
| 690 |
_aResidential property _96266 |
||
| 856 | 4 | 0 |
_uhttps://www.communities.gov.uk/publications/corporate/statistics/ehs201011householdreport _zView this item free of charge at www.communities.gov.uk |
| 942 | _n0 | ||
| 999 |
_c114398 _d114398 |
||